000 00897nam a2200241 c 4500
001 000030700
003 RuMoIPM
005 20260601112842.0
008 230210s1974 ur ||||||| |||| ||rus d
035 _a(RuMoBEN) 001958294
035 _a(ELAR retro) [2022] 000027641
040 _aRuMoBEN
_brus
_ercr
041 0 _arus
080 _a511.2
080 _a511.3
245 1 0 _aАктуальные проблемы аналитической теории чисел
_b[Сборник статей]
_cПод ред. В. Г. Спринджука ; Ин-т математики АН БССР
260 _aМинск
_bНаука и техника
_c1974
300 _a272 с.
504 _aБиблиогр. в конце ст.
700 1 _aСпринджук, Владимир Геннадиевич
_eред.
710 2 _aИнститут математики (Минск)
942 _cBK
999 _c30700
_d30700